000 00472nam a2200193Ia 4500
005 20240823015450.0
008 240823s9999||||xx |||||||||||||| ||und||
020 _a81-7366-551-6
041 _aENGLISH
082 _A623.8245 P2
100 _aHariharan K V
245 0 _aContainer and Multimodel Transport Management
250 _a1st
260 _c2002
_b"Shroff Pub , M"
_aMumbai
500 _aYES
650 _aTransport
_bCivil
942 _cBK
999 _c172484
_d172484